000 00582nam a2200229Ia 4500
003 OSt
005 20240905144052.0
008 210331s9999||||xx |||||||||||||| ||und||
020 _a9789388163453
040 _cSTCPL
041 _aMAL
041 _hMAL
082 _aM09
_bJOS-C
100 _aJose, N.K
_qഎൻ.കെ.ജോസ്
245 0 _aChannar lahala /
_cby N.K.Jose
_hചിന്നാര്‍ ലഹള
260 _aKottayam :
_bSpcs ,
_c2014 .
300 _a117 p.
_bPB
650 _aMalayaalam literature
650 _aHistory
942 _cBK
942 _2ddc
999 _c73355
_d73355